Leading, managing and developing people. (Record no. 2481)

MARC details
000 -LEADER
fixed length control field 01360cam a22002418a 4500
020 ## - INTERNATIONAL STANDARD BOOK NUMBER
ISBN 9781843982579 (pbk.)
020 ## - INTERNATIONAL STANDARD BOOK NUMBER
ISBN 1843982579 (pbk.)
050 #4 - CALL NUMBER
Classification number HF5549.L49 LEA
100 ## - AUTHOR
Personal name Ray French
245 10 - TITLE
Title Leading, managing and developing people.
Statement of responsibility, etc Ray French; Gary Rees
250 ## - EDITION
Edition statement 3rd ed. /
260 ## - PUBLICATION INFORMATION
Place of publication London :
Name of publisher Chartered Institute of Personnel and Development,
Year of publication 2010.
300 ## - DESCRIPTION
Number of Pages xvi, 322 p. :
Other physical details ill. ;
Dimensions 24 cm.
500 ## - NOTES
General note Previous ed.: published as Managing and leading people by Charlotte Rayner and Derek Adam-Smith. 2009.
505 ## - FORMATTED CONTENTS NOTE
Table of Content Leading and managing people: An overview Introduction The aims, objectives and role of HRM Aims,objectives and role of HRM HRM contributions in different settings Professionalism and ethics in managing people Leading, managing and developing people: Major contemprorary themes Leadership Managing change Flexibility and the psychological contract Managing people: Effective Practice Organisational and job design Recruitment and selection Developing employees Managing the employment relationship Performance management Conclusion Summary themes and future trends
650 #0 - SUBJECTS
Topical Term Personnel management.
650 #0 - SUBJECTS
Topical Term Leadership.
700 1# - OTHER AUTHORS
Personal name Rees, Gary.
700 1# - OTHER AUTHORS
Personal name French, Ray,
700 1# - OTHER AUTHORS
Personal name Rayner, Charlotte.
710 2# - OTHER AUTHORS
OTHER AUTHORS Chartered Institute of Personnel and Development.
942 ## - ADDED ENTRY ELEMENTS (KOHA)
Koha item type Books
Holdings
Withdrawn status Lost status Collection code Home library Current library Shelving location Date acquired Full call number Accession Number Koha item type
    Reference Methodist University Library Main Methodist University Library Main General Stacks 15/10/2013 HF5549.L49 LEA 38707 Books
    Reference Methodist University Library Main Methodist University Library Main General Stacks 15/10/2013 HF5549.L49 LEA 38706 Books
Copyright © 2026  MUG Library